000 00733nam a2200241Ia 4500
003 OSt
005 20220927104728.0
006 a|||||r|||| 00| 0
007 ta
008 220926b |||||||| |||| 00| 0 eng d
024 _a151577
037 _cReference Collections
040 _aRTL
_cRTL
_beng
041 _2eng
_aeng
082 _a"XM8,9(HI).63.N7, M0/UN"
110 _aUNCTC
_9363704
245 0 _aactivities of transtional corporations in the industrial mining and military sectors of Southern Africa
260 _aNew
_bYork UN
_c1980
300 _a79P
_ccm.
700 _aUNCTC
_9363706
942 _h"XM8,9(HI).63.N7, M0/UN"
_cCC
999 _c688395
_d688395